| 000 | 00499nam a2200169 i 4500 | ||
|---|---|---|---|
| 001 | 95884 | ||
| 003 | ES-MaACL | ||
| 005 | 20230906181808.0 | ||
| 007 | t| | ||
| 008 | 050607s1972 sp ||||1| spa d | ||
| 100 | 1 |
_aMcDowall, Robert John Stewart. _979554 |
|
| 245 | 1 | 0 |
_aPequeña historia del whisky escocés / _cpor R.J.S. Macdowall. |
| 260 |
_aMadrid : _bDerecho Financiero, _c1972. |
||
| 300 |
_a149 p. : _bil. ; _c24 cm. |
||
| 650 | 4 |
_aWhisky- _vHistoria. _9172224 |
|
| 852 |
_aES-MaACL _jC-48762 |
||
| 999 |
_c95884 _d95884 |
||